Applied medical image processing : (رقم التسجيلة. 32556)
[ عرض عادي ]
| 000 -الفاتح | |
|---|---|
| حقل البيانات ثابتة الطول | 01885cam a22003374a 4500 |
| 001 - رقم الضبط | |
| رقم الضبط | 16328883 |
| 003 - محدد رقم الضبط | |
| رقم الضبط | OSt |
| 005 - وقت وتاريخ اخر تعامل مع التسجيلة | |
| رقم الضبط | 20150408114157.0 |
| 008 - عناصر البيانات ثابتة الطول - معلومات عامة | |
| حقل البيانات ثابتة الطول | 100709s2011 flua b 001 0 eng |
| 010 ## - رقم ضبط مكتبة الكونجرس | |
| رقم ضبط مكتبة الكونجرس | 2010029278 |
| 020 ## - الرقم الدولى المعيارى للكتب | |
| الرقم الدولى المعيارى للكتاب | 9781439824443 (hardcover : alk. paper) |
| 035 ## - رقم ضبط النظام | |
| رقم ضبط النظام | (DNLM)101535381 |
| 040 ## - مصدر الفهرسة | |
| وكالة الفهرسة الأصلية | DNLM/DLC |
| وكالة النسخ | DLC |
| وكالة التعديل | DLC |
| 042 ## - رمز التحقق | |
| رمز التحقق | pcc |
| 050 00 - رقم طلب مكتبة الكونجرس | |
| رقم التصنيف | RC78.7.D53 |
| رقم المادة | B575 2011 |
| 060 10 - رقم الطلب بالمكتبة الطبية الوطنية | |
| رقم التصنيف | WN 180 |
| 082 00 - رقم تصنيف ديوى العشرى | |
| رقم التصنيف | 616.0754 |
| رقم الطبعة | 22 |
| رقم المادة | BWA |
| 100 1# - المدخل الرئيسى - إسم شخصى | |
| الإسم الشخصى | Birkfellner, Wolfgang. |
| 9 (RLIN) | 40879 |
| 245 10 - بيان العنوان | |
| العنوان | Applied medical image processing : |
| بقية العنوان | a basic course / |
| بيان المسئوليه,etc | Wolfgang Birkfellner ; contributing authors, Michael Figl, Johann Hummel. |
| 260 ## - PUBLICATION, DISTRIBUTION, ETC. (IMPRINT) | |
| مكان الناشر او الموزع | Boca Raton : |
| اسم الناشر او الموزع | Taylor & Francis, |
| تاريخ النشر أو التوزيع | c2011. |
| 300 ## - الوصف المادى | |
| التعداد | xxxi, 372 p. : |
| تفاصيل ماديه اخرى للوعاء | ill. ; |
| أبعاد الوعاء | 24 cm. + 1 CD-Rom (4 3/4 in.). |
| 504 ## - تبصرة ببليوجرافية | |
| تبصرة ببليوجرافية,الخ | Includes bibliographical references and index. |
| 520 ## - التبصرة الخاصة بالتعليق أو التلخيص | |
| ملخص,الخ | "Given the rapid evolution of radiological imaging in the past four decades, medical image processing nowadays is an essential tool for clinical research. Applications range from research in neuroscience, biomechanics and biomedical engineering to clinical routine tasks such as the visualization of huge datasets provided by modern computed tomography systems in radiology, the manufacturing of patient-specific prostheses for orthopedic surgery, the precise planning of dose distributions in radiation oncology, the fusion of multimodal image data for therapymonitoring in internal medicine, and computer-aided neurosurgical interventions"--Provided by publisher. |
| 650 #0 - المدخل الاضافى بالموضوع-مصطلح موضوعى | |
| مصطلح موضوعي أو اسم جغرافي كعنصر مدخل | Diagnostic imaging. |
| 650 12 - المدخل الاضافى بالموضوع-مصطلح موضوعى | |
| مصطلح موضوعي أو اسم جغرافي كعنصر مدخل | Diagnostic Imaging |
| التقسيم الفرعي العام | methods. |
| 650 22 - المدخل الاضافى بالموضوع-مصطلح موضوعى | |
| مصطلح موضوعي أو اسم جغرافي كعنصر مدخل | Image Interpretation, Computer-Assisted |
| التقسيم الفرعي العام | methods. |
| 9 (RLIN) | 13223 |
| 650 22 - المدخل الاضافى بالموضوع-مصطلح موضوعى | |
| مصطلح موضوعي أو اسم جغرافي كعنصر مدخل | Image Processing, Computer-Assisted |
| التقسيم الفرعي العام | methods. |
| 9 (RLIN) | 13224 |
| 906 ## - عنصر بيانات محلى F, LDF (RLIN) | |
| a | 7 |
| b | cbc |
| c | orignew |
| d | 1 |
| e | ecip |
| f | 20 |
| g | y-gencatlg |
| 942 ## - عناصر المدخل الإضافي( كوها) | |
| مصدر التصنيف او مخطط الترفيف | Dewey Decimal Classification |
| Koha [default] item type | كتاب |
| حالة الفقد | نموذج السعر الفعال | حالة تلف | ليس للاعارة | رقم الطلب | تاريخ الاكتساب | الموقع الحالي | الباركود | الفرع الرئيسي | Date last seen | نوع المادة فى نظام كوها | مصدر التصنيف او خطة الترفيف | Total Checkouts |
|---|---|---|---|---|---|---|---|---|---|---|---|---|
| 2013-12-12 | 616.0754 BWA | 2013-12-12 | المكتبة المركزية بالمجمعة (CL) | 00452771 | المكتبة المركزية بالمجمعة (CL) | 2013-12-12 | كتاب | Dewey Decimal Classification | ||||
| 2013-12-12 | 616.0754 BWA | 2013-12-12 | المكتبة المركزية بالمجمعة (CL) | 00452772 | المكتبة المركزية بالمجمعة (CL) | 2013-12-12 | كتاب | Dewey Decimal Classification | ||||
| 2013-12-12 | 616.0754 BWA | 2013-12-12 | المكتبة المركزية بالمجمعة (CL) | 00452773 | المكتبة المركزية بالمجمعة (CL) | 2013-12-12 | كتاب | Dewey Decimal Classification | ||||
| 2013-12-12 | 616.0754 BWA | 2013-12-12 | مكتبة مجمع الكليات بالزلفى - طلاب (SZM) | 00452774 | مكتبة مجمع الكليات بالزلفى - طلاب (SZM) | 2013-12-12 | كتاب | Dewey Decimal Classification | ||||
| 2013-12-12 | 616.0754 BWA | 2013-12-12 | مكتبة مجمع الكليات بالزلفى - طلاب (SZM) | 00452775 | مكتبة مجمع الكليات بالزلفى - طلاب (SZM) | 2013-12-12 | كتاب | Dewey Decimal Classification | ||||
| 2013-12-12 | 616.0754 BWA | 2013-12-12 | مكتبة مجمع الكليات بالزلفى - طلاب (SZM) | 00452776 | مكتبة مجمع الكليات بالزلفى - طلاب (SZM) | 2013-12-12 | كتاب | Dewey Decimal Classification |
